000 01179nam a22004337a 4500
001 0070703
003 KOHA_MİRAKIL
005 20260207004936.0
007 ta
008 240314b2012 tu |||gr||||#0|||1|eng |
020 _a9780552161381
040 _aTR-BiSEU
_btur
_cTR-BiSEU
_erda
041 0 _aeng
044 _ctu
050 _aPR6057
_b.O33 2012
100 1 _aGoddard, Robert.
245 1 _aFault line/
_cRobert Goddard ; Robert Goddard.
264 1 _aLondon :
_bCorgi Book
_c2012
300 _a510 papers; 20 cm.
336 _ametin
_btxt
_2rdacontent
337 _aaracısız
_bn
_2rdamedia
338 _acilt
_bnc
_2rdacarrier
650 0 _aMystery.
_9138172
650 0 _aFiction.
_919680
650 0 _aThriller.
_9138173
650 0 _aCrime.
_955830
650 0 _aMystery Thriller.
_9138174
650 0 _aSuspense.
_9138175
650 0 _aBritish Literature.
_932890
650 0 _aGizem.
_9138176
650 0 _aKurgu.
_9138177
650 0 _aGerilim.
_9138178
650 0 _aSuç.
_9130460
650 0 _aGizem Gerilim.
_9138179
650 0 _aGerilim.
_9138178
650 0 _aİngiliz Edebiyatı.
_946546
907 _aRoman
942 _2lcc
_cBK
999 _c71451
_d71451